| 000 | 01339nam a22003017a 4500 | ||
|---|---|---|---|
| 001 | 9256 | ||
| 003 | FISKH | ||
| 005 | 20251205130658.0 | ||
| 008 | 251205b cb ||||| |||| 00| 0 eng d | ||
| 020 | _a9781447201243 | ||
| 040 |
_aFISKH _beng _cFISKH _dFISKH |
||
| 050 | _aPZ7 | ||
| 082 | _a823.914 | ||
| 100 |
_aMoses, Brian _eAuthor |
||
| 245 |
_aAnimal pants! / _cBrian Moses ; Illustrated by Anja Boretzki |
||
| 250 | _aThis edition published 2011 by Macmillan Children's Books. | ||
| 260 |
_aLondon : _bMacmillan Children's Books , _c2009 |
||
| 300 |
_a20 unnumbered pages : _bcolor illustrations ; _c25 cm |
||
| 505 | _aJ | ||
| 520 | _aFrom long johns to bloomers, Y-fronts to boxers - Animal Pants is quite simply packed with pants! There's a cat who buys her pants from a catalogue and a frog who wears pants when he's off for a jog. Not to mention a penguin with frozen pants, or the difficulties of finding undies for an octopus. With an infectious rhyming text from the brilliant Brian Moses, and wonderfully entertaining artwork by Anja Boretzki, there's a giggle guaranteed on every page. | ||
| 521 | 8 |
_a500
_bLexile estimate |
|
| 521 | 8 |
_aJ
_bRaz-Plus |
|
| 650 |
_aChildren's books _vAnimals |
||
| 650 |
_aClothing _vHumor |
||
| 700 |
_aBoretzki, Anja _eIllustrator |
||
| 942 |
_2ddc _cBK _n0 |
||
| 999 |
_c9256 _d9256 |
||